000 00460nam a22001817a 4500
003 ARRUPE
005 20210506150218.0
008 210506b ||||| |||| 00| 0 eng d
010 _aPER
040 _cARRUPE
050 _aPERIOCAL SECTION
245 _aMukai-Vukani
260 _aHarare
_bJesuit Communications
_c2019
300 _a27p.
440 _aMukai-Vukani
_nNo.75
_950153
500 _aMagazine for Jesuits and Friends
942 _2lcc
_cPERIODICAL
999 _c130614
_d130614